Colección general de las providencias hasta aquí tomadas por el gobierno sobre el estrañamiento y ocupación de temporalidades de los regulares de la Compañía que existían en los dominios de Su Majestad de España, Indias e Islas Filipinas /

Shranjeno v:
Bibliografske podrobnosti
Korporativna značnica: Compañía de Jesús
Format: Knjiga
Jezik:španščina
Teme:
Oznake: Označite
Brez oznak, prvi označite!

MARC

LEADER 00000nam^a2200000^a^4500
001 000136581
005 20250526000000.0
009 20260310095322.936
037 |a Acervo ITESO - Biblioteca 
041 |a ESP 
082 |a 255. 5306  |b COM 
110 |a Compañía de Jesús 
245 1 0 |a Colección general de las providencias hasta aquí tomadas por el gobierno sobre el estrañamiento y ocupación de temporalidades de los regulares de la Compañía que existían en los dominios de Su Majestad de España, Indias e Islas Filipinas /  |c Compañía de Jesús. 
264 |a México :  |b Imprenta de los Herederos de Doña María de Rivera,  |c 1768 
300 |a 156 p. ;  |c 20.5 cm. 
649 |a XX 
650 |a Jesuitas 
650 |a Jesuitas en América -  |x Historia 
650 |a Monasticismo y Ordenes Religiosas -  |z América -  |x Historia -  |y Epoca Colonial 
650 |a Monasticismo y Ordenes Religiosas -  |x Reglas 
650 |a Iglesia Católica en América -  |x Historia -  |y Epoca Colonial 
650 |a Catolicismo 
650 |a Cristianismo 
650 |a Religión 
650 |a América -  |x Historia -  |y Epoca Colonial 
910 |a Fondo Salvador Reynoso Reynoso 
920 |a Impresos - Libros 
930 |a Libros Antiguos y Raros 
905 |a 108 
901 |a 0800013669  |b IT2  |c LRA  |u 20250526 
902 |a https://opac.biblio.iteso.mx/vufind/Record/000136581